000 00604nam a22001697a 4500
003 NUST
038 _aNusrat Nadeem
082 _a200
100 _aAsif, Ayesha
_98146
245 _aVentilation, Thermal Comfort and Air Quality in Building Indoor Micro-environments: A Measurement and Simulation Based Study/
_cAyesha Asif,
264 _aIslamabad;
_bIESE(SCEE);
_c2024.
300 _a222,p;
_bill;
_c30,cm.
650 _aPhD-Environmental Engineering
_9123218
700 _aSupervisor: Dr.Zeeshan Ali Khan
_9123852
856 _uhttp://10.250.8.41:8080/xmlui/handle/123456789/45053
942 _2ddc
_cSC
999 _c611263
_d611263